Consumo & legal

Detalles Bibliográficos
Formato: Desconocido
Lenguaje:español
Publicado: Lima : Carbonell O'Brien Abogados
Materias:
Acceso en línea:Acceso restringido

MARC

LEADER 00000ny a22000003n 4500
005 20110510132612.0
008 950713c19uu9999pe mr 0 b spa d
035 |a 2240 
040 |a BUS  |d vLex 
090 |c 1544  |d 1544 
245 3 0 |a Consumo & legal  |h [Recurso electrn̤ico] 
256 |a Servicio en ln̕ea 
260 |a Lima :  |b Carbonell O'Brien Abogados 
506 1 |a Contenido solo disponible en los productos indicados  |d vLex Global  |d vLex Global (Academic Edition, excluding Law Schools)  |d vLex Global (U.S. Academic Edition, Law Schools)  |d vLex Global (U.S. Academic Edition, excluding Law Schools)  |d vLex Global (Academic Edition, Law Schools) 
650 0 4 |a Consumidores  |x Proteccin̤  |x Derecho  |x Publicaciones perid̤icas 
740 0 |a vLex Revista (Servicios en ln̕ea) 
843 |a Electrn̤ica. Abierta 
853 |8 1  |i (year)  |j (month)  |k (day) 
856 4 0 |u http://vlex.com/source/2240  |z Acceso restringido 
942 |c REV